| 000 -LEADER |
| fixed length control field |
00442cam a2200121 a 4500 |
| 040 ## - CATALOGING SOURCE |
| Transcribing agency |
DLC |
| 082 ## - DEWEY DECIMAL CLASSIFICATION NUMBER |
| Classification number |
362 NAT 2009 A078 Or. |
| 245 00 - TITLE STATEMENT |
| Title |
General population census of Cambodia 2008 : |
| Remainder of title |
national report on final census results. |
| 260 ## - PUBLICATION, DISTRIBUTION, ETC. (IMPRINT) |
| Place of publication |
Phnom Penh : |
| Name of publisher |
National Institute of Statistics, Ministry of Planning, |
| Year of publication |
2009. |
| 300 ## - PHYSICAL DESCRIPTION |
| Number of Pages |
xiii, 291 p. : |
| Other physical details |
ill., maps ; |
| Dimensions |
29 cm. |
| 710 2# - ADDED ENTRY--CORPORATE NAME |
| Corporate name or jurisdiction name as entry element |
National Institute of Statistics (Cambodia). |
| 942 ## - ADDED ENTRY ELEMENTS (KOHA) |
| Koha item type |
សៀវភៅភាសាអង់គ្លេស |
| 952 ## - LOCATION AND ITEM INFORMATION (KOHA) |
| Withdrawn status [LOCAL, KOHA] |
0 |